Statistics for Tim Duncan Quiz

Click here to take the quiz!

General Stats

  • This quiz has been taken 482 times
  • The average score is 11 of 19

Answer Stats

Hint Answer % Correct
7His Team Name (NBA)7Spurs
99%
7How Many Years Played In NBA7Nineteen
97%
7What Number was he picked in NBA Draft71
78%
7NBA MVP (How many times)7Two
78%
7Championships75
76%
7Big Three Member #17Tony Parker
74%
7Jersey Number7Twenty One
69%
7Height7six eleven
64%
7College Team7Wake Forest
61%
7Position7Power Forward
60%
7Twin Towers Member #27David Robinson
58%
7Big Three Member #27Manu Ginobili
57%
7Spurs Head Coach7Gregg Popovich
54%
7Favorite Sport other than Basketball7Swimming
46%
7What Olympics Did He Play In7Athens
45%
7His Nickname7The Big Fundamental
36%
7His Home Country7Virgin Islands
28%
7His Fear7Sharks
9%
7Middle Name7Theodore
6%

Score Distribution

Percentile by Number Answered

Percent of People with Each Score

Your Score History

You have not taken this quiz